|
|
|
|
| LEADER |
00000cam a22000002c 4500 |
| 001 |
1096465558 |
| 003 |
DE-627 |
| 005 |
20240429192558.0 |
| 007 |
tu |
| 008 |
911126s1556 xx ||||| 00| ||ita c |
| 035 |
|
|
|a (DE-627)1096465558
|
| 035 |
|
|
|a (DE-576)026465558
|
| 035 |
|
|
|a (DE-599)BSZ026465558
|
| 035 |
|
|
|a (OCoLC)219412619
|
| 040 |
|
|
|a DE-627
|b ger
|c DE-627
|e rakwb
|
| 041 |
|
|
|a ita
|
| 084 |
|
|
|a 1
|2 ssgn
|
| 100 |
1 |
|
|0 (DE-588)118768077
|0 (DE-627)079547834
|0 (DE-576)209430249
|4 aut
|a Vergerio, Pietro Paolo
|d 1497-1564
|
| 109 |
|
|
|a Vergerio, Pierpaolo 1497-1564
|a Aesquillius, Publius 1497-1564
|a Vergerius, Petrus Paulus d.J. 1497-1564
|a Vergerius, Petrus Paulus Iunior 1497-1564
|a Vergerius, Paulus 1497-1564
|a Vergerio, Paulo 1497-1564
|a Vergerius, Piotr Paweł 1497-1564
|a Vergerio, Pier Paolo 1497-1564
|a Vergerius, Petrus P. 1497-1564
|a Vergerio, Pietro Paolo 1497-1564
|a Vergerius, Petrus Paulus Junior 1497-1564
|a Vergerius, Petrus Paulus 1497-1564
|a Vergerio, Pietro Paolo il giovane 1497-1564
|a Vergerio, Pietro Paolo der Jüngere 1497-1564
|a Athanasio 1497-1564
|a Millematius, Laurentius 1497-1564
|a Vergerio, Pier Paolo der Jüngere 1497-1564
|a Aesquillus, Publius 1497-1564
|a Segnianin, Anton 1497-1564
|a Senjanin, Anton 1497-1564
|a Atanasio 1497-1564
|a Athanasius 1497-1564
|a Vergerius, Pietro Paolo 1497-1564
|
| 245 |
1 |
0 |
|a Retrattatione del Vergerio
|
| 264 |
|
1 |
|a [S.l.]
|c [15]56
|
| 336 |
|
|
|a Text
|b txt
|2 rdacontent
|
| 337 |
|
|
|a ohne Hilfsmittel zu benutzen
|b n
|2 rdamedia
|
| 338 |
|
|
|a Band
|b nc
|2 rdacarrier
|
| 583 |
1 |
|
|a Archivierung/Langzeitarchivierung gewährleistet
|f SSG
|x XA-DE-BW
|2 pdager
|5 DE-21
|
| 935 |
|
|
|a mteo
|
| 951 |
|
|
|a BO
|
| ELC |
|
|
|b 1
|
| ITA |
|
|
|a 1
|t 1
|
| LOK |
|
|
|0 000 xxxxxcx a22 zn 4500
|
| LOK |
|
|
|0 001 2176037448
|
| LOK |
|
|
|0 003 DE-627
|
| LOK |
|
|
|0 004 1096465558
|
| LOK |
|
|
|0 005 20130413101454
|
| LOK |
|
|
|0 008 911126||||||||||||||||ger|||||||
|
| LOK |
|
|
|0 040
|a DE-21
|c DE-627
|d DE-21
|
| LOK |
|
|
|0 852
|a DE-21
|
| LOK |
|
|
|0 852 1
|c Gf 1171 a
|9 00
|
| LOK |
|
|
|0 935
|a abe1
|a theo
|
| LOK |
|
|
|0 939
|a 26-11-91
|b l01
|
| ORI |
|
|
|a SA-MARC-ixtheoa001.raw
|